[Event "World Blitz Women 2017"]
[Site "Riyadh KSA"]
[Date "2017.12.29"]
[Round "10.45"]
[White "Rapport, Jovana"]
[Black "Gara, Anita"]
[Result "1/2-1/2"]
[WhiteTitle "WGM"]
[BlackTitle "IM"]
[WhiteElo "2299"]
[BlackElo "2367"]
[WhiteFideId "937266"]
[BlackFideId "709751"]
[EventDate "2017.12.29"]

1. d4 d6 2. Nf3 Nf6 3. c4 g6 4. Nc3 Bf5 5. h3 Bg7 6. Ng5 h6 7. e4 Bd7 8. Nf3 O-O
9. Be3 e5 10. d5 a5 11. c5 Na6 12. Bxa6 Rxa6 13. O-O Re8 14. Qb3 dxc5 15. Bxc5
b6 16. Be3 Ra8 17. Nd2 a4 18. Qc2 Nh5 19. b3 a3 20. Rac1 f5 21. exf5 gxf5 22. f3
Qh4 23. Bf2 Qg5 24. Ne2 Ra7 25. Nc4 Kh8 26. Qd2 f4 27. Nc3 Bxh3 28. Be1 Rg8 29.
Ne4 Qg6 30. Kh2 Bf5 31. Qe2 Ng3 32. Nxg3 fxg3+ 33. Bxg3 Bd3 34. Qf2 Bxf1 35.
Rxf1 Raa8 36. Kg1 Rae8 37. Re1 e4 38. Bxc7 Kh7 39. f4 Bd4 40. Ne3 Ref8 41. Qc2
Qg3 42. Qf2 Qg7 43. Bd6 Rd8 44. Bxa3 Rxd5 45. Kf1 Rh5 46. Ke2 Rh2 47. Kd1 Bxe3
48. Qxe3 Re8 49. Re2 Qa1+ 50. Bc1 Rh1+ 51. Re1 Rxe1+ 52. Kxe1 Qxa2 53. Bd2 Qb1+
54. Ke2 Qb2 55. Qxb6 e3 56. Qb7+ Qg7 57. Qxg7+ Kxg7 58. Bxe3 Kf6 59. b4 Kf5 60.
b5 Ke4 61. b6 Rb8 62. g4 Rb7 63. g5 hxg5 64. fxg5 Kf5 65. Kd3 Rxb6 66. Bxb6 Kxg5
67. Kd4 1/2-1/2

[Event "World Blitz Women 2017"]
[Site "Riyadh KSA"]
[Date "2017.12.29"]
[Round "10.46"]
[White "Enkhtuul, Altan-Ulzii"]
[Black "Sedina, Elena"]
[Result "1-0"]
[WhiteTitle "WGM"]
[BlackTitle "IM"]
[WhiteElo "2344"]
[BlackElo "2312"]
[WhiteFideId "4901444"]
[BlackFideId "812153"]
[EventDate "2017.12.29"]

1. d4 d5 2. Nf3 Nf6 3. c4 c6 4. Qc2 dxc4 5. Qxc4 Bf5 6. Nc3 e6 7. g3 Be7 8. Bg2
Nbd7 9. O-O O-O 10. Re1 Ne4 11. Bf4 Nxc3 12. bxc3 Be4 13. a4 c5 14. a5 Rc8 15.
Qb3 c4 16. Qb2 Nf6 17. Be5 Qd5 18. Nh4 Bxg2 19. Nxg2 Nd7 20. e4 Qc6 21. Bf4 Nf6
22. f3 Rfd8 23. Bg5 h6 24. Bxf6 Bxf6 25. Ne3 Be7 26. Reb1 Rd7 27. Ng4 f6 28. Kg2
Qc7 29. Qb5 a6 30. Qb2 Bd8 31. Ra4 Qd6 32. Ne3 Rdc7 33. Qe2 Qd7 34. Qa2 Kh8 35.
Qa3 Be7 36. Qa2 Bd8 37. Rbb4 Be7 38. Rxc4 Rxc4 39. Rxc4 Rxc4 40. Qxc4 Bd8 41.
Qb4 Qc7 42. Nc4 Kh7 43. Nb6 Be7 44. Qb3 Qc6 45. c4 Bd8 46. c5 f5 47. exf5 exf5
48. Qd3 Qe6 49. d5 Qe5 50. Nc4 Qf6 51. d6 h5 52. h4 g6 53. Qd2 Qf7 54. Ne5 Qe6
55. f4 Qb3 56. d7 Qa3 57. c6 Qxa5 58. Qxa5 Bxa5 59. cxb7 Bc7 60. b8=Q 1-0

[Event "World Blitz Women 2017"]
[Site "Riyadh KSA"]
[Date "2017.12.29"]
[Round "11.2"]
[White "Lagno, Kateryna"]
[Black "Gunina, Valentina"]
[Result "1/2-1/2"]
[WhiteTitle "GM"]
[BlackTitle "GM"]
[WhiteElo "2547"]
[BlackElo "2510"]
[WhiteFideId "14109336"]
[BlackFideId "4167570"]
[EventDate "2017.12.29"]

1. e4 e5 2. Nf3 Nc6 3. Bb5 Nf6 4. d3 Bc5 5. O-O Nd4 6. Nxd4 Bxd4 7. c3 Bb6 8.
Ba4 O-O 9. Bg5 h6 10. Bh4 d6 11. Nd2 Be6 12. Kh1 Qe7 13. Qe2 c6 14. Nc4 Bc7 15.
Bb3 a5 16. Ne3 Bxb3 17. axb3 Qe6 18. Nf5 d5 19. c4 Rfe8 20. Qf3 Bd8 21. Bxf6
Qxf6 22. cxd5 cxd5 23. exd5 Bb6 24. Rac1 Rad8 25. d6 Kh7 26. Qxb7 Qxf5 27. Qxb6
Rd7 28. Rfd1 Re6 29. Rc6 Qf6 30. Qxa5 Qxf2 31. Qd5 Qxb2 32. Qe4+ g6 33. Rf1 Kg7
34. b4 Rexd6 35. Rxd6 Rxd6 36. Qc4 Rf6 37. Rg1 Rf4 38. Qd5 Rxb4 39. h3 Qd4 40.
Qf3 Qf4 41. Qe2 e4 42. dxe4 Rxe4 43. Qb2+ Qe5 44. Qxe5+ Rxe5 45. Kh2 Re4 46. Ra1
h5 47. Kg3 Rb4 48. h4 Rb3+ 49. Kf2 Kf6 50. Ra5 Ke6 51. g3 Rd3 52. Rb5 Rd5 53.
Rb4 Ke5 54. Ra4 Rb5 55. Ra7 f6 56. Rg7 Kf5 57. Rg8 Rb7 58. Kg2 Re7 59. Kh3 Re3
60. Kg2 Ra3 61. Kh2 g5 62. hxg5 fxg5 63. Rb8 Rd3 64. Kg2 Re3 65. Rb5+ Re5 66.
Rb8 Rd5 67. Ra8 Ke4 68. Ra4+ Ke3 69. Ra3+ Ke4 70. Ra4+ Rd4 71. Ra5 Rd2+ 72. Kg1
g4 73. Rxh5 Kf3 74. Ra5 Rd1+ 75. Kh2 Rd2+ 76. Kg1 1/2-1/2

[Event "World Blitz Women 2017"]
[Site "Riyadh KSA"]
[Date "2017.12.29"]
[Round "11.3"]
[White "Gaponenko, Inna"]
[Black "Dzagnidze, Nana"]
[Result "1/2-1/2"]
[WhiteTitle "IM"]
[BlackTitle "GM"]
[WhiteElo "2435"]
[BlackElo "2522"]
[WhiteFideId "14101181"]
[BlackFideId "13601903"]
[EventDate "2017.12.29"]

1. e4 c5 2. Nf3 e6 3. c3 d5 4. exd5 Qxd5 5. d4 Nf6 6. Bd3 Nc6 7. O-O Be7 8. c4
Qd8 9. dxc5 Bxc5 10. Nc3 O-O 11. Qe2 h6 12. Bf4 Nd4 13. Nxd4 Qxd4 14. Be3 Qe5
15. Bxc5 Qxc5 16. Ne4 Qe5 17. Nxf6+ Qxf6 18. Rad1 Rd8 19. Be4 Bd7 20. Rd2 Bc6
21. Bxc6 bxc6 22. Rfd1 Qe7 23. h3 a5 24. b3 Qg5 25. Qe1 Kf8 26. Rxd8+ Rxd8 27.
Rxd8+ Qxd8 28. Qe5 Qd2 29. Qc5+ Kg8 30. Qxc6 Qc1+ 31. Kh2 Qf4+ 32. Kg1 Qc1+ 33.
Kh2 Qf4+ 1/2-1/2

[Event "World Blitz Women 2017"]
[Site "Riyadh KSA"]
[Date "2017.12.29"]
[Round "11.4"]
[White "Bodnaruk, Anastasia"]
[Black "Buksa, Nataliya"]
[Result "0-1"]
[WhiteTitle "IM"]
[BlackTitle "WGM"]
[WhiteElo "2428"]
[BlackElo "2385"]
[WhiteFideId "4181751"]
[BlackFideId "14123622"]
[EventDate "2017.12.29"]

1. e4 c5 2. Nf3 Nc6 3. d4 cxd4 4. Nxd4 e5 5. Nb5 d6 6. N1c3 a6 7. Na3 Be7 8. Nc4
Nf6 9. Ne3 O-O 10. g3 b5 11. Bg2 Nd4 12. O-O Be6 13. Ncd5 Nxd5 14. exd5 Bd7 15.
c3 Nf5 16. Nxf5 Bxf5 17. a4 Bg5 18. Bxg5 Qxg5 19. axb5 axb5 20. Qe2 Bd7 21. Qe3
Qxe3 22. fxe3 Bg4 23. Kf2 g6 24. e4 Kg7 25. Ke3 Bd7 26. Kd2 f5 27. Ke3 h6 28.
Bf3 Kf6 29. Bg2 Kg7 30. b3 Rfc8 31. Kd3 b4 32. c4 Kf6 33. Kc2 Ke7 34. Kb2 Rf8
35. Kc2 fxe4 36. Rxa8 Rxa8 37. Bxe4 Ra2+ 38. Kd3 Be8 39. h4 Rb2 40. Ra1 Rxb3+
41. Kd2 Rxg3 42. Ra7+ Bd7 43. Kc2 Rc3+ 44. Kd2 Rxc4 45. Ke3 Rc3+ 46. Kd2 Rg3 47.
Rb7 b3 48. Bd3 Kd8 49. Rxb3 Bf5 50. Bxf5 Rxb3 51. Bxg6 Ke7 52. h5 Kf6 53. Ke2
Kg5 54. Kd2 Kf4 55. Ke2 e4 56. Kd2 e3+ 57. Ke2 Rb2+ 0-1

[Event "World Blitz Women 2017"]
[Site "Riyadh KSA"]
[Date "2017.12.29"]
[Round "11.5"]
[White "Tan, Zhongyi"]
[Black "Charochkina, Daria"]
[Result "1-0"]
[WhiteTitle "GM"]
[BlackTitle "IM"]
[WhiteElo "2517"]
[BlackElo "2317"]
[WhiteFideId "8603642"]
[BlackFideId "4180917"]
[EventDate "2017.12.29"]

1. d4 f5 2. Nf3 Nf6 3. g3 e6 4. Bg2 d5 5. O-O Bd6 6. c4 c6 7. b3 O-O 8. Ba3 b6
9. Bxd6 Qxd6 10. Nbd2 Bb7 11. e3 Nbd7 12. Qc2 Rad8 13. Rfd1 Ne4 14. Rac1 Qe7 15.
Ne1 Rc8 16. Nd3 c5 17. dxc5 Ndxc5 18. Nxc5 Rxc5 19. Nxe4 fxe4 20. Qb2 Rfc8 21.
cxd5 exd5 22. Bh3 R8c7 23. Rxc5 Rxc5 24. Qa3 a6 25. Qb4 Qf6 26. Qd2 h6 27. Bf1
Qc6 28. Qd4 Rc2 29. Rd2 Rc1 30. Rd1 Rc2 31. a4 Qc7 32. h4 a5 33. Bh3 Qf7 34. Rf1
Ba6 35. Qxb6 Bc8 36. Qd8+ Qf8 37. Qxd5+ Kh8 38. Bxc8 Rxc8 39. Qxe4 Qc5 40. Rd1
Rf8 41. Qc4 Qf5 42. Rd2 Rc8 43. Qd5 Qh3 44. Rd1 Qg4 45. Qd7 Rc5 46. Qd5 1-0

[Event "World Blitz Women 2017"]
[Site "Riyadh KSA"]
[Date "2017.12.29"]
[Round "11.6"]
[White "Ju, Wenjun"]
[Black "Mammadzada, Gunay"]
[Result "0-1"]
[WhiteTitle "GM"]
[BlackTitle "WGM"]
[WhiteElo "2567"]
[BlackElo "2333"]
[WhiteFideId "8603006"]
[BlackFideId "13403729"]
[EventDate "2017.12.29"]

1. Nf3 Nf6 2. g3 d5 3. Bg2 c6 4. O-O Bg4 5. d4 Nbd7 6. Nbd2 e6 7. Re1 Be7 8. e4
h6 9. e5 Nh7 10. h3 Bh5 11. Nb3 O-O 12. c3 Rc8 13. Be3 b6 14. Nc1 Ng5 15. g4
Nxf3+ 16. Bxf3 Bg6 17. Nd3 Bxd3 18. Qxd3 Bg5 19. Bg2 Bxe3 20. Qxe3 f6 21. exf6
Rxf6 22. f4 Nf8 23. g5 hxg5 24. fxg5 Rf5 25. h4 Qd6 26. Rf1 Rxf1+ 27. Rxf1 Re8
28. Qf3 Qe7 29. Re1 Ng6 30. Qg3 e5 31. h5 Nf4 32. Qg4 Qc7 33. Rf1 Nxg2 34. Kxg2
exd4 35. cxd4 Qe7 36. Kh3 Qe2 37. Qxe2 Rxe2 38. Rc1 g6 39. Rxc6 gxh5 40. Kh4
Rh2+ 41. Kg3 Rxb2 42. Kh4 Rh2+ 43. Kg3 Rxa2 44. Kf4 h4 45. Kg4 Rd2 46. Kxh4
Rxd4+ 47. Kh5 Rc4 48. Rd6 d4 49. Kg6 Kf8 50. Kf6 Rc8 51. g6 b5 52. Rxd4 a5 53.
Rd5 Rb8 54. Rh5 Rb6+ 55. Ke5 Kg7 56. Kd5 Kxg6 57. Rh1 b4 58. Kc5 Rb8 59. Rb1 b3
60. Kc4 a4 61. Kc3 Kf5 62. Kb2 Ke4 63. Ra1 Rb4 64. Rd1 Ke3 65. Ra1 Kd2 66. Rh1
Re4 67. Ra1 Kd3 68. Rc1 Re2+ 69. Kb1 a3 70. Rd1+ Rd2 71. Rh1 Kc3 72. Rh3+ Rd3
73. Rh1 a2+ 74. Ka1 Kc2 75. Rc1+ Kd2 76. Kb2 Ke3 77. Re1+ Kd4 78. Ka1 Kc4 79.
Rc1+ Kb4 80. Rh1 Ka3 0-1

[Event "World Blitz Women 2017"]
[Site "Riyadh KSA"]
[Date "2017.12.29"]
[Round "11.7"]
[White "Michna, Marta"]
[Black "Paehtz, Elisabeth"]
[Result "1/2-1/2"]
[WhiteTitle "WGM"]
[BlackTitle "IM"]
[WhiteElo "2377"]
[BlackElo "2464"]
[WhiteFideId "1106686"]
[BlackFideId "4641833"]
[EventDate "2017.12.29"]

1. e3 g6 2. Nf3 Bg7 3. d4 d6 4. Be2 Nd7 5. O-O e5 6. c4 Ne7 7. Nc3 O-O 8. b3 Nc6
9. Bb2 h6 10. dxe5 dxe5 11. Qd2 Re8 12. Rad1 e4 13. Nd4 Nxd4 14. exd4 f5 15.
Rfe1 Kh7 16. Bf1 Nf6 17. d5 Ng4 18. h3 Ne5 19. Nb5 Bd7 20. Nd4 Qh4 21. Bc1 b6
22. Qf4 Qxf4 23. Bxf4 g5 24. Bxe5 Bxe5 25. Nc6 Bd6 26. g3 Kg6 27. Bg2 a5 28. g4
fxg4 29. Bxe4+ Kg7 30. hxg4 Bxg4 31. f3 Bd7 32. Nd4 Kf6 33. Kg2 h5 34. Rh1 h4
35. Nc2 a4 36. b4 a3 37. Rb1 h3+ 38. Kf2 g4 39. Ne3 g3+ 40. Ke2 g2 41. Rhd1 Bf4
42. d6 c6 43. b5 Bxe3 44. Kxe3 h2 45. bxc6 Bxc6 46. d7 Rxe4+ 47. fxe4 g1=Q+ 48.
Rxg1 hxg1=Q+ 49. Rxg1 Bxd7 50. Kd4 Be6 51. e5+ Kf7 52. Rb1 Ra4 53. Rf1+ Ke7 54.
Rb1 Rxc4+ 55. Ke3 Rc2 56. Rxb6 Rxa2 57. Rb7+ Bd7 58. Kd4 Rb2 59. Ra7 a2 60. Kc5
Ke6 61. Kd4 Rd2+ 62. Kc3 Rg2 63. Kd4 Bc6 64. Ra6 Kd7 65. e6+ Ke7 66. Kc5 Rc2+
67. Kd4 Kxe6 68. Kd3 Rb2 69. Rxc6+ Kd5 70. Ra6 Kc5 71. Kc3 Rf2 72. Kb3 Kb5 73.
Ra8 Rf3+ 74. Kxa2 1/2-1/2

[Event "World Blitz Women 2017"]
[Site "Riyadh KSA"]
[Date "2017.12.29"]
[Round "11.8"]
[White "Lei, Tingjie"]
[Black "Kulon, Klaudia"]
[Result "1-0"]
[WhiteTitle "GM"]
[BlackTitle "WGM"]
[WhiteElo "2528"]
[BlackElo "2370"]
[WhiteFideId "8605114"]
[BlackFideId "1131044"]
[EventDate "2017.12.29"]

1. Nf3 Nf6 2. g3 g6 3. b3 Bg7 4. Bb2 O-O 5. Bg2 c5 6. c4 Nc6 7. O-O d6 8. d4
cxd4 9. Nxd4 Bd7 10. e3 Qc8 11. Nc3 Bh3 12. Rc1 Bxg2 13. Kxg2 Qd7 14. Qe2 a6 15.
Rfd1 Rab8 16. a4 Rfc8 17. Ba3 Nxd4 18. exd4 e6 19. d5 e5 20. b4 b6 21. c5 bxc5
22. bxc5 dxc5 23. Qxa6 Rb3 24. Nb5 Nxd5 25. Qd6 Qxd6 26. Nxd6 Ra8 27. Bxc5 Nc3
28. Rd3 e4 29. Nxe4 Rc8 30. Bd4 Rc4 31. Bxg7 Kxg7 32. Rdxc3 Rbxc3 33. Nxc3 f5
34. Kf3 Kf6 35. Ke3 Ke5 36. Kd3 Rb4 37. Re1+ Kd6 38. f4 Rb2 39. Re2 Rb3 40. Kc4
Rb8 41. Nb5+ Kd7 42. Rd2+ Ke7 43. Kb4 h6 44. a5 Ra8 45. Re2+ Kd7 46. Rd2+ Ke7
47. Rc2 g5 48. Rc5 Kf6 49. Nd6 gxf4 50. gxf4 Kg6 51. Nxf5 Kh5 52. Nd6+ Kg4 53.
f5 h5 54. f6 h4 55. f7 Kh3 56. Rc2 Rd8 57. a6 Kg4 58. Ne8 Rd4+ 59. Kb5 Rf4 60.
a7 Rxf7 61. a8=Q 1-0

[Event "World Blitz Women 2017"]
[Site "Riyadh KSA"]
[Date "2017.12.29"]
[Round "11.9"]
[White "Vo, Thi Kim Phung"]
[Black "Ushenina, Anna"]
[Result "1/2-1/2"]
[WhiteTitle "WGM"]
[BlackTitle "GM"]
[WhiteElo "2380"]
[BlackElo "2416"]
[WhiteFideId "12401838"]
[BlackFideId "14110911"]
[EventDate "2017.12.29"]

1. d4 d5 2. c4 c6 3. Nc3 Nf6 4. Nf3 dxc4 5. a4 Bf5 6. e3 e6 7. Bxc4 Bb4 8. O-O
O-O 9. Qe2 Ne4 10. Bd2 Nxd2 11. Nxd2 Bg6 12. Nb3 a5 13. Rfd1 Nd7 14. e4 Qe7 15.
h3 Kh8 16. Qf3 Rae8 17. Ne2 f5 18. e5 Nb6 19. Bd3 Bf7 20. Nf4 g5 21. Nh5 Bxh5
22. Qxh5 Nd5 23. g3 Qg7 24. Bc4 f4 25. Bxd5 cxd5 26. Rac1 Rc8 27. Rxc8 Rxc8 28.
Rc1 Rf8 29. Rc2 h6 30. Qg4 fxg3 31. fxg3 Qf7 32. Qe2 Kg8 33. Rc1 Qf5 34. Kg2 Qg6
35. Rc7 Rf7 36. Rxf7 Qxf7 37. Nc1 Qe8 38. b3 b6 39. Qc2 Bf8 40. Ne2 Qd7 41. Ng1
Qf7 42. Nf3 Kg7 43. h4 Be7 44. hxg5 hxg5 45. Qd3 Qf8 46. Nh2 Qc8 47. Ng4 Qh8 48.
Nf2 Qc8 49. Ng4 Qh8 50. Nf2 Qc8 51. Ng4 Qh8 1/2-1/2

[Event "World Blitz Women 2017"]
[Site "Riyadh KSA"]
[Date "2017.12.29"]
[Round "11.10"]
[White "Nechaeva, Marina"]
[Black "Abdumalik, Zhansaya"]
[Result "1/2-1/2"]
[WhiteTitle "IM"]
[BlackTitle "IM"]
[WhiteElo "2424"]
[BlackElo "2449"]
[WhiteFideId "4149351"]
[BlackFideId "13703544"]
[EventDate "2017.12.29"]

1. d4 Nf6 2. c4 d6 3. Nf3 g6 4. g3 Bg7 5. Bg2 O-O 6. O-O c6 7. Nc3 Nbd7 8. e4 e5
9. h3 Re8 10. Be3 exd4 11. Nxd4 Nb6 12. b3 d5 13. exd5 cxd5 14. c5 Nbd7 15. b4
h6 16. Rc1 Ne5 17. Ndb5 Be6 18. Nd6 Re7 19. Bd4 Ne4 20. Bxe5 Bxe5 21. Nxd5 Bxd5
22. Qxd5 Nxd6 23. cxd6 Qxd6 24. Qxd6 Bxd6 25. b5 Rae8 26. Bf3 b6 27. Kg2 Bc5 28.
Rcd1 Kg7 29. Rd3 Re1 30. Rxe1 Rxe1 31. Rd7 Re7 32. Rxe7 1/2-1/2

[Event "World Blitz Women 2017"]
[Site "Riyadh KSA"]
[Date "2017.12.29"]
[Round "11.12"]
[White "Voit, Daria"]
[Black "Krush, Irina"]
[Result "0-1"]
[WhiteTitle "FM"]
[BlackTitle "GM"]
[WhiteElo "2390"]
[BlackElo "2431"]
[WhiteFideId "4182146"]
[BlackFideId "2012782"]
[EventDate "2017.12.29"]

1. d4 Nf6 2. c4 c5 3. Nf3 g6 4. Nc3 Bg7 5. d5 d6 6. e4 O-O 7. h3 e6 8. Be3 Na6
9. Be2 Nc7 10. a4 Rb8 11. O-O e5 12. Ne1 Nd7 13. Nd3 Qe7 14. Qd2 f5 15. exf5
gxf5 16. f4 e4 17. Nf2 Nf6 18. Kh2 h5 19. g3 Qf7 20. Rg1 Bd7 21. Qc2 Na6 22. Bd2
Nb4 23. Qb3 a6 24. Ncd1 b5 25. axb5 axb5 26. Bxb4 bxc4 27. Bxc4 Rxb4 28. Qc2
Rfb8 29. b3 Ng4+ 30. hxg4 Bxa1 31. gxf5 Bxf5 32. Ne3 Bd4 33. Nxf5 Qxf5 34. Qxe4
Qf6 35. Rg2 Ra8 36. Nh3 Rbb8 37. g4 Re8 38. gxh5+ Kh8 39. Qg6 Rg8 40. Qxf6+ Bxf6
41. Ng5 Ra7 42. Kh3 Re7 43. Rg3 Bxg5 44. fxg5 Re5 45. Kh4 Re4+ 46. Rg4 Re1 47.
g6 Kg7 48. Rf4 Kh6 49. Rf7 Re4+ 50. Kg3 Kxh5 51. Bd3 Rd4 52. Bf5 Rxd5 53. Kf4
Rd4+ 54. Be4 Rxe4+ 55. Kxe4 Kxg6 56. Rd7 Rb8 57. Rxd6+ Kf7 58. Rd3 Ke6 59. Rh3
Rb4+ 60. Kd3 Rxb3+ 61. Kc4 Rxh3 0-1

[Event "World Blitz Women 2017"]
[Site "Riyadh KSA"]
[Date "2017.12.29"]
[Round "11.13"]
[White "Goryachkina, Aleksandra"]
[Black "Sukandar, Irine Kharisma"]
[Result "1/2-1/2"]
[WhiteTitle "WGM"]
[BlackTitle "IM"]
[WhiteElo "2486"]
[BlackElo "2384"]
[WhiteFideId "4147103"]
[BlackFideId "7101937"]
[EventDate "2017.12.29"]

1. e4 e5 2. Nf3 Nc6 3. d4 exd4 4. Nxd4 Bc5 5. Be3 Qf6 6. c3 Nge7 7. Bb5 O-O 8.
O-O a6 9. Ba4 Ne5 10. Bb3 d6 11. Nc2 Qg6 12. f3 Bxe3+ 13. Nxe3 Be6 14. Na3 Qh6
15. Qe2 N7g6 16. g3 Bh3 17. Rf2 Be6 18. f4 Bxb3 19. axb3 Nd7 20. Nf5 Qh3 21. Rd1
Rfe8 22. Qf3 Nf6 23. Re1 Nxe4 24. Nxg7 Kxg7 25. Rxe4 d5 26. Ree2 Qf5 27. Rxe8
Rxe8 28. Rf1 Re4 29. Nc2 c5 30. Ne3 Qd7 31. c4 Qe6 32. Nxd5 f5 33. Qc3+ Kh6 34.
Qf3 Re2 35. Rf2 Re1+ 36. Rf1 Re2 37. Rf2 Re1+ 38. Rf1 Re2 1/2-1/2

[Event "World Blitz Women 2017"]
[Site "Riyadh KSA"]
[Date "2017.12.29"]
[Round "11.14"]
[White "Skripchenko, Almira"]
[Black "Belenkaya, Dina"]
[Result "1/2-1/2"]
[WhiteTitle "IM"]
[BlackTitle "WGM"]
[WhiteElo "2403"]
[BlackElo "2303"]
[WhiteFideId "13900145"]
[BlackFideId "24142654"]
[EventDate "2017.12.29"]

1. e4 c6 2. Nc3 d5 3. Nf3 dxe4 4. Nxe4 Nf6 5. Nxf6+ exf6 6. d4 Bd6 7. Bd3 O-O 8.
O-O Nd7 9. h3 Re8 10. c3 Nf8 11. Be3 f5 12. Re1 f4 13. Bd2 Rxe1+ 14. Qxe1 Be6
15. Ne5 Bxe5 16. Qxe5 f3 17. g4 Ng6 18. Qg3 Qf6 19. Be4 Bd5 20. Bxd5 cxd5 21.
Re1 Qb6 22. Bc1 Qa6 23. Qxf3 Qxa2 24. Qf5 Rd8 25. Qf3 b5 26. Qg3 Qc4 27. h4 b4
28. h5 Nf8 29. h6 g6 30. Qe5 Ne6 31. Qf6 Qc7 32. Bg5 bxc3 33. bxc3 Re8 34. Bf4
Qd7 35. Be5 Kf8 36. f3 a5 37. Qh8+ Ke7 38. Qf6+ Kf8 39. Qh8+ Ke7 40. Qf6+ 1/2-1/2

[Event "World Blitz Women 2017"]
[Site "Riyadh KSA"]
[Date "2017.12.29"]
[Round "11.15"]
[White "Zhukova, Natalia"]
[Black "Nguyen, Thi Mai Hung"]
[Result "1-0"]
[WhiteTitle "GM"]
[BlackTitle "WGM"]
[WhiteElo "2444"]
[BlackElo "2321"]
[WhiteFideId "14101513"]
[BlackFideId "12401676"]
[EventDate "2017.12.29"]

1. c4 c6 2. d4 d5 3. Nf3 Nf6 4. Nc3 e6 5. g3 Nbd7 6. Bg2 dxc4 7. O-O b5 8. b3 b4
9. Na4 c3 10. a3 a5 11. axb4 axb4 12. Bf4 Bb7 13. Ne5 Nxe5 14. Bxe5 Nd7 15. Qc2
Nxe5 16. dxe5 Be7 17. f4 Qc7 18. Qe4 O-O 19. f5 exf5 20. Qxf5 c5 21. e6 fxe6 22.
Qxe6+ Kh8 23. e4 Bf6 24. Nb6 Bd4+ 25. Kh1 Rxa1 26. Rxa1 Be3 27. Nd7 Rd8 28. Ne5
Rf8 29. Nd7 Rc8 30. Ne5 h6 31. Nf7+ Kh7 32. Bh3 Qc6 33. Bf5+ g6 34. Bxg6+ Kg7
35. Nd6 Rf8 36. Bf5 Bg5 37. Qg6+ 1-0

[Event "World Blitz Women 2017"]
[Site "Riyadh KSA"]
[Date "2017.12.29"]
[Round "11.16"]
[White "Socko, Monika"]
[Black "Stefanova, Antoaneta"]
[Result "1-0"]
[WhiteTitle "GM"]
[BlackTitle "GM"]
[WhiteElo "2471"]
[BlackElo "2500"]
[WhiteFideId "1106619"]
[BlackFideId "2902257"]
[EventDate "2017.12.29"]

1. d4 d5 2. Nf3 Nf6 3. g3 Bf5 4. Bg2 e6 5. O-O h6 6. c4 c6 7. Nc3 Nbd7 8. cxd5
exd5 9. Re1 Be7 10. Bf4 O-O 11. Ne5 Re8 12. Rc1 Bf8 13. Nd3 Ne4 14. f3 Nxc3 15.
bxc3 Nb6 16. e4 Bh7 17. Rb1 Bd6 18. Bxd6 Qxd6 19. Nc5 Re7 20. e5 Qd8 21. Rb2 Rb8
22. Rbe2 Nc4 23. e6 fxe6 24. Rxe6 Rxe6 25. Nxe6 Qf6 26. Nc5 Qf7 27. Bh3 Kh8 28.
Be6 Qc7 29. f4 Re8 30. f5 b6 31. Nd3 Nd6 32. g4 Ne4 33. Ne5 Bg8 34. Ng6+ Kh7 35.
Bxg8+ Kxg8 36. Qf3 c5 37. Nf4 Qd6 38. Ne6 cxd4 39. cxd4 Qb4 40. Rc1 Qd2 41. Rc7
Qe1+ 42. Kg2 Qd2+ 43. Kf1 Kh8 44. Qe2 Rxe6 45. Rc8+ Kh7 46. fxe6 Qf4+ 47. Kg2
Qd6 48. Qf3 Qxe6 49. Qf5+ Qxf5 50. gxf5 Nd6 51. Rc7 Nxf5 52. Rxa7 Nxd4 53. Rb7
b5 54. Kf2 Kg6 55. Rd7 Kf5 56. Rxd5+ Ke4 57. Rd7 g5 58. Rh7 Nf5 59. Rb7 Nd4 60.
Rb6 h5 61. Kg3 Nf5+ 62. Kg2 Nd4 63. Rb8 h4 64. h3 Kf5 65. Rd8 Ne6 66. Rd5+ Ke4
67. Rxb5 Kf4 68. a4 Nd4 69. Rb4 Ke3 70. a5 Nc6 71. Rb5 Kd4 72. a6 Kc4 73. Rb6
Kc5 74. Rb7 1-0

[Event "World Blitz Women 2017"]
[Site "Riyadh KSA"]
[Date "2017.12.29"]
[Round "11.17"]
[White "Girya, Olga"]
[Black "Harika, Dronavalli"]
[Result "1/2-1/2"]
[WhiteTitle "WGM"]
[BlackTitle "GM"]
[WhiteElo "2484"]
[BlackElo "2504"]
[WhiteFideId "4195752"]
[BlackFideId "5015197"]
[EventDate "2017.12.29"]

1. d4 e6 2. c4 b6 3. e4 Bb7 4. Bd3 Bb4+ 5. Bd2 Bxd2+ 6. Qxd2 f5 7. Nc3 Nc6 8.
Nge2 Nge7 9. O-O O-O 10. a3 Ng6 11. exf5 exf5 12. Rae1 Kh8 13. d5 Nce5 14. Nd4
Nxd3 15. Qxd3 Qf6 16. f4 c6 17. g3 cxd5 18. Nxd5 Bxd5 19. cxd5 Rac8 20. Re2 Rc5
21. Nf3 h6 22. b4 Rc3 23. Qb5 Rxa3 24. Qxd7 Kh7 25. Ne5 Rd8 26. Qc6 Rd6 27. Qc4
Ne7 28. Rd1 Ng6 29. Kg2 a5 30. bxa5 Rxa5 31. Nxg6 Qxg6 32. Re5 Rc5 33. Qd3 b5
34. Qxf5 Qxf5 35. Rxf5 b4 36. Re5 b3 37. Rb1 Rcxd5 38. Rxd5 Rxd5 39. Rxb3 Rd2+
40. Kg1 Ra2 41. Rf3 g6 42. Rf2 Ra3 43. Kg2 h5 44. Rb2 Kh6 45. Kf2 Rc3 46. Rd2
Ra3 47. Rb2 Rc3 48. Re2 Ra3 49. h3 Rc3 50. Re3 Rc2+ 51. Kf3 Rc4 52. Ra3 Rb4 53.
Rc3 Ra4 54. Rd3 Rb4 55. Ra3 Rc4 56. g4 hxg4+ 57. hxg4 Kg7 58. Ra7+ Kf8 59. Ra8+
Kf7 60. Ra7+ Kf8 61. Kg3 Rb4 62. Rc7 Kg8 63. Re7 Kf8 64. Re6 Kf7 65. Re3 Ra4 66.
Rf3 Rb4 67. Kh4 Ra4 68. Kg5 Ra5+ 69. f5 Kg7 70. Rb3 gxf5 71. Rb7+ Kf8 72. gxf5
Ra6 73. Rc7 Rb6 74. Rh7 Ra6 75. Rh8+ Kg7 76. Rb8 Kf7 77. Rb4 Rc6 78. Rb7+ Kf8
79. Rd7 Ra6 80. Kf4 Rb6 81. Ke5 Ra6 82. Rd5 Ke7 83. Rb5 Ra7 84. Rc5 Kf7 85. Kd6
Kf6 86. Rd5 Ra8 87. Kc5 Re8 88. Kd4 Re1 1/2-1/2

[Event "World Blitz Women 2017"]
[Site "Riyadh KSA"]
[Date "2017.12.29"]
[Round "11.18"]
[White "Khotenashvili, Bela"]
[Black "Cornette, Deimante"]
[Result "1-0"]
[WhiteTitle "GM"]
[BlackTitle "IM"]
[WhiteElo "2476"]
[BlackElo "2439"]
[WhiteFideId "13602640"]
[BlackFideId "12802859"]
[EventDate "2017.12.29"]

1. c4 e6 2. g3 d5 3. Bg2 Nf6 4. Nf3 d4 5. O-O c5 6. d3 Nc6 7. e3 Bd6 8. a3 a5 9.
exd4 cxd4 10. Nbd2 a4 11. Re1 O-O 12. Qc2 e5 13. c5 Bc7 14. Nc4 Re8 15. Bg5 h6
16. Bxf6 Qxf6 17. Nfd2 Bf5 18. Ne4 Bxe4 19. Bxe4 Qe7 20. Nb6 Bxb6 21. cxb6 Rec8
22. Rac1 Ra6 23. Re2 Qd8 24. Qd2 Rxb6 25. Bxc6 Rbxc6 26. Rxc6 bxc6 27. Rxe5 c5
28. Qc2 Qb6 29. Re7 Qd6 30. Re4 Qb6 31. Qxa4 Qxb2 32. Qd7 Rf8 33. Re8 Qb1+ 34.
Kg2 Rxe8 35. Qxe8+ Kh7 36. Qe4+ g6 37. a4 Qb4 38. Qd5 Kg7 39. Qe5+ Kg8 40. Qe8+
Kg7 41. h4 c4 42. Qe5+ Kg8 43. Qxd4 Qb7+ 44. Kh2 cxd3 45. Qxd3 Qb2 1-0

[Event "World Blitz Women 2017"]
[Site "Riyadh KSA"]
[Date "2017.12.29"]
[Round "11.20"]
[White "Tokhirjonova, Gulrukhbegim"]
[Black "Javakhishvili, Lela"]
[Result "0-1"]
[WhiteTitle "WGM"]
[BlackTitle "IM"]
[WhiteElo "2329"]
[BlackElo "2449"]
[WhiteFideId "14203626"]
[BlackFideId "13601458"]
[EventDate "2017.12.29"]

1. e4 d6 2. d4 Nf6 3. Nc3 g6 4. Nf3 Bg7 5. Be2 O-O 6. O-O c6 7. a4 Nbd7 8. Bf4
Qa5 9. Qd2 e5 10. dxe5 dxe5 11. Be3 Ng4 12. Bg5 Re8 13. h3 Ngf6 14. Rfd1 Qb4 15.
a5 Nxe4 16. Nxe4 Qxe4 17. Bd3 Qd5 18. c4 Qe6 19. Re1 Nc5 20. Bc2 Qxc4 21. b4 Nb3
22. Bxb3 Qxb3 23. Rab1 Qd5 24. Qxd5 cxd5 25. b5 h6 26. Be3 Bf5 27. Rbc1 d4 28.
Bd2 e4 29. Nh4 Rac8 30. Nxf5 gxf5 31. Bf4 d3 32. g4 fxg4 33. hxg4 Bc3 34. Red1
Bxa5 35. Bxh6 Kh7 36. Be3 Bb6 37. Bxb6 axb6 38. Kg2 Kg6 39. Kg3 Rc5 40. Rb1 Ree5
41. Re1 f5 42. gxf5+ Kxf5 43. Rb4 Rxb5 44. Rexe4 Rxb4 45. Rxb4 Rd5 46. Rb1 d2
47. Rd1 Ke4 48. f4 Kd3 49. Kf2 Kc2 50. Ke2 Rd8 0-1